[Event "Zuerich op-B 28th"]
[Site "Zuerich"]
[Date "2004.12.??"]
[Round "7"]
[White "Joncic, Dragan"]
[Black "Langel, Cedric"]
[Result "1-0"]
[WhiteElo "1878"]
[BlackElo "1764"]
[PlyCount "47"]
[EventDate "2004.12.26"]
[EventType "swiss"]
[EventRounds "7"]
[EventCountry "SUI"]
[SourceTitle "EXT 2006"]
[Source "ChessBase"]
[SourceDate "2005.11.24"]
[SourceVersion "1"]
[SourceVersionDate "2005.11.24"]
[SourceQuality "1"]

1. e4 c5 2. Nf3 d6 3. d4 cxd4 4. Nxd4 Nf6 5. Nc3 a6 6. Be2 e6 7. Be3 Be7 8. 0-0 0-0 9. f4 Qc7 10. Bf3 Nbd7 11. Qe1 Nb6 12. Rd1 Nc4 13. Bc1 Rb8 14. Kh1 b5 15. b3 Nb6 16. e5 dxe5 17. Nc6 Bb4 18. Nxb4 Bb7 19. fxe5 Nfd5 20. Ncxd5 Nxd5 21. Nxd5 Bxd5 22. Bxd5 exd5 23. Ba3 Rfe8 24. Bd6 1-0